[Event "Tournoi francophone 016 Groupe A"]
[Site "Skype"]
[Date "????.??.??"]
[Round "8.1"]
[White "Bourdeau, Yvan"]
[Black "Rapaire, Jean-Michel"]
[Result "1/2-1/2"]
[WhiteElo "1499"]
[BlackElo "1724"]
[PlyCount "109"]

1. d4 d6 2. c4 e5 3. dxe5 dxe5 4. Qxd8+ Kxd8 5. Nf3 f6 6. Nc3 c6 7. e3 Be6 8.
b3 Nd7 9. Bb2 Nh6 10. Bd3 Bb4 11. h3 Bxc3+ 12. Bxc3 Kc7 13. O-O-O Nc5 14. Bc2
g6 15. Nd2 Rad8 16. Ne4 Nxe4 17. Bxe4 Rxd1+ 18. Rxd1 Ng4 19. hxg4 Bxg4 20. f3
Be6 21. f4 Bg4 22. Bf3 Bxf3 23. gxf3 exf4 24. Bxf6 Rf8 25. Be5+ Kc8 26. Bxf4 h6
27. Bxh6 Rxf3 28. Re1 b5 29. cxb5 cxb5 30. e4 Kd7 31. e5 Ke6 32. Bg7 g5 33. Rg1
Rf2 34. Kb1 Kf5 35. Re1 Ke6 36. Re4 a5 37. Bf6 Rg2 38. a4 bxa4 39. Rxa4 g4 40.
Rxa5 Rh2 41. Bg5 Kf5 42. Bd8 Rd2 43. Bb6 g3 44. Ba7 g2 45. Bb6 Re2 46. Rd5 Kf4
47. Ra5 Ke4 48. Ra2 Re1+ 49. Kb2 Kxe5 50. Ra1 Rf1 51. b4 Kd5 52. Bc5 Kc4 53.
Rc1+ Rxc1 54. Kxc1 g1=Q+ 55. Bxg1 1/2-1/2

[Event "Tournoi francophone 016 Groupe A"]
[Site "Skype"]
[Date "????.??.??"]
[Round "8.3"]
[White "Meyer, Eric"]
[Black "Deville, Olivier"]
[Result "1-0"]
[WhiteElo "1677"]
[BlackElo "1764"]
[PlyCount "47"]

1. d4 Nf6 2. Bg5 e6 3. e4 h6 4. Bxf6 Qxf6 5. Nc3 d6 6. Qd2 Nd7 7. Nf3 a6 8.
O-O-O Qd8 9. h4 b5 10. e5 d5 11. g4 c5 12. dxc5 Bxc5 13. Bd3 Qc7 14. Rhe1 Bb4
15. a3 Be7 16. Kb1 b4 17. axb4 Bxb4 18. Nxd5 exd5 19. Qxb4 Rb8 20. Qa3 Nc5 21.
Bf5 Be6 22. Nd4 O-O 23. Re3 g6 24. Rc3 1-0

[Event "Tournoi francophone 016 Groupe A"]
[Site "Skype"]
[Date "????.??.??"]
[Round "8.4"]
[White "Hurtado De Mendoza, Ramon Miguel"]
[Black "Thevenet, Yann"]
[Result "0-1"]
[WhiteElo "1512"]
[BlackElo "1981"]
[PlyCount "56"]

1. d4 Nf6 2. c4 e5 3. d5 Bc5 4. Nc3 O-O 5. e4 d6 6. Be2 Na6 7. Nf3 Ng4 8. O-O
f5 9. Bg5 Qe8 10. exf5 Bxf5 11. Bh4 h6 12. Bg3 Nf6 13. Nd2 Qg6 14. Nf3 Qf7 15.
Nd2 Nb4 16. a3 Nc2 17. Rc1 Nd4 18. Bf3 Nxf3+ 19. gxf3 Rae8 20. Re1 Nh5 21. Kg2
Qg6 22. Nde4 Bd4 23. Qd2 Nf4+ 24. Kh1 Bh3 25. Rg1 Qh5 26. Qd1 Ng6 27. Nd2 Kh7
28. Rc2 Rf7 0-1

[Event "Tournoi francophone 016 Groupe A"]
[Site "Skype"]
[Date "????.??.??"]
[Round "9.2"]
[White "Thevenet, Yann"]
[Black "Montoya, Alain"]
[Result "1-0"]
[WhiteElo "1981"]
[BlackElo "1660"]
[PlyCount "85"]

1. e4 e5 2. f4 exf4 3. Nf3 Be7 4. Bc4 Nf6 5. e5 Ng4 6. O-O d5 7. exd6 Bxd6 8.
Re1+ Be6 9. d4 O-O 10. Rxe6 Nxh2 11. Re1 Nxf3+ 12. Qxf3 Qh4 13. Qf2 Qg4 14. Be2
Qg3 15. Bf3 Qxf2+ 16. Kxf2 Nc6 17. Bxc6 bxc6 18. Nc3 f5 19. Bd2 Rab8 20. b3 g5
21. Re6 Kf7 22. Rh6 Kg8 23. Rah1 Rf7 24. Na4 Bb4 25. c3 Bd6 26. c4 c5 27. dxc5
Bf8 28. Re6 Rd8 29. Bc3 Rd3 30. Re8 Re7 31. Rc8 g4 32. Re1 g3+ 33. Kf1 Rxe1+
34. Bxe1 f3 35. gxf3 Rd1 36. Re8 Kf7 37. Re2 Bh6 38. Kg2 f4 39. Nc3 Rd3 40. Nb5
Bf8 41. Nxc7 Bxc5 42. Nd5 Bd6 43. Rd2 1-0

[Event "Tournoi francophone 016 Groupe A"]
[Site "Skype"]
[Date "????.??.??"]
[Round "9.3"]
[White "Deville, Olivier"]
[Black "Hurtado De Mendoza, Ramon Miguel"]
[Result "0-1"]
[WhiteElo "1764"]
[BlackElo "1512"]
[PlyCount "74"]

1. d4 Nf6 2. c4 g6 3. Nc3 Bg7 4. e4 d6 5. Nf3 O-O 6. Be2 e5 7. Be3 Nc6 8. d5
Ne7 9. Nd2 Nd7 10. b4 f5 11. f3 f4 12. Bf2 g5 13. c5 Rf6 14. Nc4 Bf8 15. cxd6
cxd6 16. Nb5 Ng6 17. Nxa7 Rxa7 18. Bxa7 Nh4 19. Bf2 Nxg2+ 20. Kf1 Nh4 21. Bxh4
gxh4 22. Rg1+ Rg6 23. Rxg6+ hxg6 24. a4 Nb6 25. a5 Na8 26. b5 Nc7 27. Nd2 Qg5
28. Kf2 h3 29. Qg1 Qh4+ 30. Kf1 Kh7 31. a6 bxa6 32. bxa6 Qd8 33. a7 Na8 34. Rb1
Qc7 35. Nc4 Ba6 36. Nb6 Bxe2+ 37. Kxe2 Qc2+ 0-1

[Event "Tournoi francophone 016 Groupe A"]
[Site "Skype"]
[Date "????.??.??"]
[Round "9.4"]
[White "Elias, Roberto"]
[Black "Meyer, Eric"]
[Result "0-1"]
[WhiteElo "1782"]
[BlackElo "1677"]
[PlyCount "42"]

1. e4 c5 2. c4 Nc6 3. Nc3 g6 4. f4 d6 5. Nf3 Bg7 6. Be2 e6 7. O-O Nge7 8. d3 a6
9. Be3 Nd4 10. e5 Nef5 11. Bf2 Nxf3+ 12. Bxf3 dxe5 13. fxe5 Bxe5 14. Qa4+ Bd7
15. Qb3 Rb8 16. Ne4 b6 17. Bg4 Nd4 18. Bxd4 Bxd4+ 19. Nf2 O-O 20. Kh1 Qh4 21.
g3 Bc6+ 0-1